Jean-Jacques Goldman : chansons de l'album démodé - Statistiques

Statistiques générales
  • Ce quiz a été pris 8 fois
  • Le résultat moyen est 9 sur 11
Statistiques - réponses
chanson % Correct
A l'envers
100%
Autre histoire
100%
Il suffira d'un signe
100%
Le Rapt
100%
Pas l'indifférence
86%
Quelque chose de bizarre
86%
Sans un mot
86%
brouillard
71%
Quel exil
71%
Juste un petit moment
57%
J't'aimerai quand même
29%
Aucun quiz correspondant
Distribution des résultats
% des personnes avec chaque résultat
Percentile par nombre de réponses
Votre historique - résultats
Vous n’avez pas pris ce quiz